| 000 | 02077cad a22004095a 4500 | ||
|---|---|---|---|
| 001 | L137317 | ||
| 008 | 070328s2007 xxk f 000 0 eng d | ||
| 035 | _a(Sirsi) u137317 | ||
| 041 | 0 | _aeng | |
| 050 | 0 | 4 | _a346.4104343 $2 18 |
| 110 | 2 |
_aJoint Working Group on Commercial Leases _95168 |
|
| 245 | 0 | 4 |
_aThe code for leasing business premises in England and Wales 2007 _h[electronic resource] |
| 250 | _a3rd ed. | ||
| 260 |
_a[S.l.] _bJoint Working Group on Commercial Leases _c2007 |
||
| 300 |
_a11p. _c30cm. |
||
| 520 | _aThe result of collaboration between commercial property professionals and industry bodies, this voluntary code aims to promote fairness in commercial leases, and intends to increase awareness of property issues. Provides requirements for landlords in order for their lease to be code-compliant, a guide for occupiers, with an explanation of terms, and a model heads of terms. | ||
| 520 | _aSupersedes "A code of practice for commercial leases in England and Wales" (ISBN 1842190989). | ||
| 590 | _aKA | ||
| 650 | 2 | 4 | _aCODE FOR LEASING BUSINESS PREMISES IN ENGLAND AND WALES |
| 651 | 4 |
_aEngland and Wales _y1543- |
|
| 690 | _aPROPERTY-COMMERCIAL PROPERTY-COMMERCIAL LANDLORD AND TENANT-COMMERCIAL LEASES | ||
| 710 | 2 |
_aAssociation of British Insurers _93272 |
|
| 710 | 2 |
_aBritish Council for Offices _93992 |
|
| 710 | 2 |
_aBritish Property Federation _91604 |
|
| 710 | 2 |
_aBritish Retail Consortium _91582 |
|
| 710 | 2 |
_aConfederation of British Industry _9414 |
|
| 710 | 1 |
_aUnited Kingdom _bDepartment for Communities and Local Government _94939 |
|
| 710 | 2 |
_aCorenet Global _94279 |
|
| 710 | 2 |
_aForum of Private Business _94226 |
|
| 710 | 2 |
_aFederation of Small Businesses _91084 |
|
| 710 | 2 |
_aInvestment Property Forum _92112 |
|
| 710 | 2 |
_aLaw Society of England and Wales _91639 |
|
| 710 | 2 |
_aRoyal Institution of Chartered Surveyors _94900 |
|
| 710 | 1 |
_aWales _bWelsh Assembly Government |
|
| 856 | 4 | 1 |
_uhttps://www.leasingbusinesspremises.co.uk/ _zView the item free of charge at www.leasingbusinesspremises.co.uk... |
| 942 | _n0 | ||
| 999 |
_c106720 _d106720 |
||